000 00547cam a22001577a 4500
008 180718b2001 xxu||||| |||| 00| 0 eng d
082 _aA81x54 01/18/PAP2/01
100 _aCensus of India 2001
245 _aMeghalaya: provisional population totals
260 _aDelhi
_bController of Publications
_c2001
300 _a43+p.
440 _aCensus of India 2001. Series-18, Meghalaya. Paper-2 of 2001
500 _aContents: Rural-urban distribution of population
650 _aRural population - India - Meghalaya
650 _aMeghalaya - Census
999 _c475660
_d475660